[Event "15th Asia-ch (w)"]
[Site "Mashhad IRI"]
[Date "2011.05.10"]
[Round "9.1"]
[White "Tan Zhongyi"]
[Black "Harika, Dronavalli"]
[Result "0-1"]
[WhiteElo "2428"]
[BlackElo "2524"]
[EventDate "2011.05.02"]
[PlyCount "65"]

1.d4 g6 2.c4 Bg7 3.Nf3 c5 4.d5 d6 5.Nc3 a6 6.e4 e5 7.Be2 Nf6 8.h3 Nh5 9.g3
Nd7 10.Be3 Qe7 11.Nd2 Ndf6 12.Rb1 O-O 13.b4 b6 14.a4 Bd7 15.Qb3 a5 16.bxc5
bxc5 17.Nb5 Ne8 18.Rc1 Bh8 19.Bxh5 gxh5 20.Qd1 f5 21.exf5 Bxf5 22.Qxh5 Qd7
23.Ke2 Bf6 24.Qf3 Bg7 25.Qg2 Nf6 26.g4 Bg6 27.Rhg1 e4 28.Qg3 Rad8 29.h4 h5
30.gxh5 Bxh5+ 31.Ke1 Ng4 32.Nxe4 Kh8 33.Qxd6 0-1

[Event "15th Asia-ch (w)"]
[Site "Mashhad IRI"]
[Date "2011.05.10"]
[Round "9.3"]
[White "Pham Le Thao Nguyen"]
[Black "Kharisma Sukandar, Irine"]
[Result "1/2-1/2"]
[WhiteElo "2349"]
[BlackElo "2354"]
[EventDate "2011.05.02"]
[PlyCount "109"]

1.d4 Nf6 2.c4 e6 3.g3 d5 4.Nf3 dxc4 5.Qa4+ Nc6 6.Bg2 Bb4+ 7.Bd2 Nd5 8.Bxb4
Nxb4 9.O-O Rb8 10.Nc3 a6 11.a3 b5 12.Qd1 Nd5 13.Ne4 O-O 14.e3 Qe7 15.Qc2 
e5 16.Neg5 Nf6 17.d5 Nd8 18.Rad1 Nb7 19.Nh4 Nd6 20.Ngf3 h6 21.e4 Nfxe4 22.
Rfe1 g5 23.Nxe5 Qxe5 24.Bxe4 Nxe4 25.Nf3 Qf6 26.Qxe4 Bh3 27.Re3 Rbd8 28.
Ne5 Kg7 29.Qf3 Bf5 30.Nc6 Rd6 31.Rde1 Bg6 32.Qxf6+ Kxf6 33.Re5 Kg7 34.Ne7 
Rd7 35.f4 gxf4 36.gxf4 Kf6 37.Kf2 Bh7 38.R1e3 a5 39.Nc6 Ra8 40.Rh3 Kg7 41.
Rg3+ Kf8 42.Ke3 b4 43.axb4 axb4 44.Nxb4 Rb8 45.Nc6 Rxb2 46.Kd4 Rxh2 47.
Kxc4 Rh4 48.Rf3 Rd6 49.Kd4 Rh1 50.Rc3 Rd1+ 51.Kc5 Rd7 52.Kc4 Rd6 53.Rf3 
Rh1 54.Kd4 Rd1+ 55.Kc3 1/2-1/2

[Event "15th Asia-ch (w)"]
[Site "Mashhad IRI"]
[Date "2011.05.10"]
[Round "9.4"]
[White "Padmini, Rout"]
[Black "Sabirova, Olga"]
[Result "1-0"]
[WhiteElo "2342"]
[BlackElo "2247"]
[EventDate "2011.05.02"]
[PlyCount "58"]

1.e4 e5 2.Nf3 Nc6 3.Bb5 Nf6 4.O-O d6 5.Bxc6+ bxc6 6.d4 exd4 7.Qxd4 c5 8.
Qd3 Be7 9.Re1 O-O 10.Nc3 Bb7 11.h3 Re8 12.Bf4 Bf8 13.Rad1 Qc8 14.e5 Ba6 
15.Qd2 dxe5 16.Bxe5 Be7 17.Bxf6 Bxf6 18.Nd5 Rxe1+ 19.Rxe1 Bb7 20.Nxf6+ 
gxf6 21.Qf4 Bxf3 22.Qxf3 Qd8 23.Rd1 Qf8 24.Qxf6 Re8 25.Rd7 Rc8 26.Kh2 h6 
27.b3 Qg7 28.Rd8+ Rxd8 29.Qxd8+ Kh7 1-0

[Event "15th Asia-ch (w)"]
[Site "Mashhad IRI"]
[Date "2011.05.10"]
[Round "9.5"]
[White "Khademalsharieh, Sarasadat"]
[Black "Mongontuul, Batchujagijn"]
[Result "0-1"]
[WhiteElo "2137"]
[BlackElo "2434"]
[EventDate "2011.05.02"]
[PlyCount "124"]

1.d4 d5 2.c4 e6 3.Nc3 Nf6 4.cxd5 exd5 5.Bg5 Be7 6.e3 O-O 7.Bd3 Nbd7 8.Nge2
c5 9.dxc5 Nxc5 10.O-O Be6 11.Nf4 h6 12.Bh4 Qd6 13.Rc1 Rfd8 14.Nb5 Qb6 15.
Nh5 Nce4 16.Nxf6+ Bxf6 17.Bxf6 Nxf6 18.Qd2 a6 19.Nd4 Qd6 20.h3 Qe7 21.Rc2 
Ne4 22.Qe2 Nd6 23.Rfc1 Rac8 24.Rxc8 Bxc8 25.Qf3 Be6 26.Qf4 Qd7 27.Be2 Qe7 
28.Qe5 Re8 29.b3 Ne4 30.Rc7 Qh4 31.g3 Qd8 32.Qf4 Nd6 33.Rc1 Bc8 34.h4 Re4 
35.Qf3 Bg4 36.Qg2 Rxd4 37.exd4 Bxe2 38.Qxd5 Bg4 39.Qe5 Qd7 40.a4 Kh7 41.
Rc5 Bf3 42.Qf4 b6 43.Re5 Qc6 44.Qe3 f6 45.Re6 Bd5 46.Qd3+ Kg8 47.Re1 Ne4 
48.b4 f5 49.b5 axb5 50.axb5 Qg6 51.Qe3 Qf6 52.Qf4 Qxd4 53.Qxf5 Nd6 54.Qc2 
Be4 55.Qb3+ Kh7 56.Rd1 Qe5 57.Qe3 Nxb5 58.Re1 Nd6 59.Qxb6 Qd5 60.Kh2 Nc4 
61.Qb3 Qd4 62.Re2 Nd2 0-1

[Event "15th Asia-ch (w)"]
[Site "Mashhad IRI"]
[Date "2011.05.10"]
[Round "9.6"]
[White "Nguyen Thi Mai Hung"]
[Black "Gomes, Mary Ann"]
[Result "1/2-1/2"]
[WhiteElo "2320"]
[BlackElo "2334"]
[EventDate "2011.05.02"]
[PlyCount "60"]

1.d4 c5 2.e3 Nf6 3.Nf3 g6 4.Be2 Bg7 5.O-O O-O 6.b3 b6 7.Bb2 Bb7 8.c4 cxd4 
9.Nxd4 Nc6 10.Bf3 Qc8 11.Nd2 d6 12.Nxc6 Bxc6 13.Bxc6 Qxc6 14.Qf3 Qxf3 15.
Nxf3 Rfc8 16.h3 d5 17.cxd5 Nxd5 18.Bxg7 Kxg7 19.Rfc1 Nc3 20.Kf1 Rc7 21.Rc2
Rac8 22.Rac1 a5 23.Nd4 Rc5 24.a3 Ne4 25.Rxc5 Rxc5 26.Rxc5 Nxc5 27.b4 axb4 
28.axb4 Na6 29.Nc2 Kf6 30.Ke2 Ke5 1/2-1/2

[Event "15th Asia-ch (w)"]
[Site "Mashhad IRI"]
[Date "2011.05.10"]
[Round "9.8"]
[White "Hakimifard, Ghazal"]
[Black "Nguyen Thi Thanh An"]
[Result "0-1"]
[WhiteElo "2215"]
[BlackElo "2349"]
[EventDate "2011.05.02"]
[PlyCount "100"]

1.e4 c5 2.Nf3 d6 3.d4 cxd4 4.Nxd4 Nf6 5.Nc3 Nc6 6.Be2 e5 7.Nf3 h6 8.O-O 
Be7 9.Re1 O-O 10.h3 Be6 11.Bf1 Nb8 12.a4 Nbd7 13.a5 Qc7 14.Bd2 Rfc8 15.a6 
Rcb8 16.b3 Nc5 17.axb7 Rxb7 18.b4 Rxb4 19.Nd5 Bxd5 20.Bxb4 Ncxe4 21.Re3 a5
22.Be1 Bc6 23.c4 Nc5 24.Qc2 Nfe4 25.Nd2 f5 26.Nxe4 Bxe4 27.Qd1 Bc6 28.Rea3
a4 29.Bb4 Rf8 30.Bxc5 dxc5 31.Bd3 e4 32.Bc2 Bf6 33.R1a2 Rd8 34.Qe2 Qf4 35.
g3 Qc1+ 36.Qf1 Qg5 37.Bxa4 Bb7 38.Rb3 Ba8 39.Bd7 Bd4 40.Kh2 f4 41.gxf4 
Qxf4+ 42.Rg3 e3 43.Be6+ Kh8 44.Bd5 Bxd5 45.cxd5 exf2 46.Kg2 Rxd5 47.Qc4 
Qe4+ 48.Kh2 Rf5 49.Qf1 Be5 50.Ra3 Rf3 0-1

[Event "15th Asia-ch (w)"]
[Site "Mashhad IRI"]
[Date "2011.05.10"]
[Round "9.10"]
[White "Pourkashiyan, Atousa"]
[Black "Asgarizadeh, Minoo"]
[Result "1-0"]
[WhiteElo "2371"]
[BlackElo "2029"]
[EventDate "2011.05.02"]
[PlyCount "97"]

1.e4 c5 2.Nf3 Nc6 3.d4 cxd4 4.Nxd4 Qc7 5.Nc3 e6 6.g3 a6 7.Bg2 d6 8.O-O Nf6
9.Re1 Bd7 10.Nxc6 bxc6 11.Na4 Rb8 12.c4 c5 13.Nc3 Be7 14.b3 O-O 15.Bf4 
Rfd8 16.e5 Ne8 17.Qh5 Bc6 18.exd6 Bxd6 19.Bxd6 Rxd6 20.Qxc5 Qb7 21.Bxc6 
Rxc6 22.Qe3 Nf6 23.Rad1 Rbc8 24.Ne4 Nxe4 25.Qxe4 Qe7 26.Rd2 a5 27.Red1 
R6c7 28.Qe5 a4 29.Qd6 Kf8 30.Qd8+ Qxd8 31.Rxd8+ Ke7 32.Rxc8 Rxc8 33.Kf1 
Rb8 34.Rd3 e5 35.Ke2 f5 36.Kd2 e4 37.Re3 axb3 38.axb3 Ra8 39.f3 Ra7 40.Kc3
Ra2 41.fxe4 fxe4 42.Rxe4+ Kd7 43.b4 h5 44.Kd4 Rg2 45.Re3 g5 46.b5 h4 47.
gxh4 gxh4 48.Re5 h3 49.Rh5 1-0